Análisis del comportamiento de un vehículo propulsado por un motor de combustión interna por compresión con un Combustible tipo Biodiésel

Đã lưu trong:
Chi tiết về thư mục
Tác giả chính: Jiménez Ureña, Alonso Esteban
Tác giả khác: Salas Salazar, Manuel Enrique, De Lemos Medina, Leonora, 1977- Directora del TFG
Định dạng: Sách
Ngôn ngữ:Spanish
Được phát hành: [San José, Costa Rica ] 2019
Những chủ đề:
Các nhãn: Thêm thẻ
Không có thẻ, Là người đầu tiên thẻ bản ghi này!

MARC

LEADER 00000nam a22000007a 4500
003 013177
005 20230309105711.0
008 191002b2019 c a|||| ||m| 00| ||spa d
040 |c cru CEDI 
100 |9 19196  |a Jiménez Ureña, Alonso Esteban  
245 |a Análisis del comportamiento de un vehículo propulsado por un motor de combustión interna por compresión con un Combustible tipo Biodiésel 
260 |a [San José, Costa Rica ]  |c 2019 
500 |a Proyecto de graduación (licenciatura en ingeniería mecánica)--Universidad de Costa Rica. Facultad de Ingeniería. Escuela de Ingeniería Mecánica 
501 |a Directora de Proyecto de Graduación: MSc. Leonora de Lemos Medina 
650 |x COMBUSTIBLES BIODIESEL   |x COMBUSTIBLES PARA MOTORES   |x VEHICULOS  |x MOTORES DIESEL   |x COMBUSTIBLES DIESEL  
700 |9 19197  |a  Salas Salazar, Manuel Enrique 
700 |9 39  |a De Lemos Medina, Leonora, 1977-  |d Directora del TFG 
942 |c CEDI  |h TFG 8327  |2 ddc  |6 TFG_8327_000000000000000 
999 |c 21803  |d 21803